Ventures in family living. (Record no. 13247)

000 -LEADER
fixed length control field 00600nam a2200193 a 4500
001 - CONTROL NUMBER
control field :::00011065$&:&@@
003 - CONTROL NUMBER IDENTIFIER
control field OkBaRHE
005 - DATE AND TIME OF LATEST TRANSACTION
control field 20000607103405.0
008 - FIXED-LENGTH DATA ELEMENTS--GENERAL INFORMATION
fixed length control field s1971 j 000 0 eng u
040 ## - CATALOGING SOURCE
Transcribing agency
100 1# - MAIN ENTRY--PERSONAL NAME
Personal name Zuck, Roy B.,
245 10 - TITLE STATEMENT
Title Ventures in family living.
260 ## - PUBLICATION, DISTRIBUTION, ETC. (IMPRINT)
Place of publication, distribution, etc Chicago, IL., :
Name of publisher, distributor, etc Moody Press
Date of publication, distribution, etc c1971
300 ## - PHYSICAL DESCRIPTION
Extent 144 p. ;
Dimensions 22 cm.
650 ## - SUBJECT ADDED ENTRY--TOPICAL TERM
Topical term or geographic name as entry element Family
General subdivision Religious Life
-- Addresses, Essays, Lectures
700 ## - ADDED ENTRY--PERSONAL NAME
Personal name Getz, Gene A., Ed.
942 ## - ADDED ENTRY ELEMENTS (KOHA)
Source of classification or shelving scheme
Koha item type Books
Copies
Date last seen Price effective from Not for loan Barcode Koha item type Source of classification or shelving scheme Full call number Permanent Location Damaged status Date acquired Copy number Shelving location Lost status Withdrawn status
2010-04-142010-04-14 11065Books BV 4526.2 .V45RHEMA Bible Training College 2010-04-141General Stacks